000
00256nam a2200097Ia 4500
005
20251222114343.0
008
251222s1900||||xx |||||||||||||| ||spa||
082
_a
DVD0193/D13/2005
245
0
_a
Charla: la bioética y la manipulación de embriones:
942
_c
DVD
999
_c
923
_d
923